000 01801nab a2200301 a 4500
005 20210219162522.0
008 991125s1985 mx 000 0 spa u
035 _aUPN01000205795
049 _aART-E
100 1 _aGandarias Goikoetxea, Itziar
100 1 _uitzi.gandarias@gmail.com
222 0 _aATHENEA DIGITAL :
_bREVISTA DE PENSAMIENTO E INVESTIGACION SOCIAL
245 0 0 _aHabitar las incomodidades en investigaciones feministas y activistas desde una práctica reflexiva
260 _aEspaña
300 _a289-304
362 0 _a2014 Vol. 14, no. 4, dic.
520 3 _aA partir de una investigación en curso cuyo objetivo es estudiar las dificultades y posibilidades para la articulación de alianzas políticas entre organizaciones de mujeres migradas y feministas autóctonas en el País Vasco, presento mediante una práctica reflexiva algunas de las incomodidades más relevantes surgidas durante este proceso relacionadas con: (i) moverse en la incertidumbre, (ii) asumir las diferencias, (iii) hablar sobre las participantes de la investigación y en último lugar, (iv) habitar mi doble rol como investigadora y activista. Más que resolverlas, esta práctica de reflexividad es una apuesta por politizar las metodologías feministas y reivindicar la ética de la incomodidad como una herramienta indispensable para habitar los espacios fronterizos entre investigación y activismo.
653 0 _aACTIVISMO
653 0 _aINVESTIGACION FEMINISTA
653 0 _aALIANZA POLITICA
653 0 _aORGANIZACIONES DE MUJERES
856 4 _uhttp://atheneadigital.net/article/view/v14-n4-gandarias/1489-pdf-es
905 _aArticulo
336 _atexto$2rdacontent
337 _acomputadora$2rdamedia
338 _arecurso en linea$2rdacarrier
999 _c177896
_d177896